[Event "Turniej Blitza na II Lidze Juniorów 2018"]
[Site "Szczyrk, Poland"]
[Date "????.??.??"]
[Round "8.63"]
[White "Sulima, Franciszek"]
[Black "Ziolo, Oliwia"]
[Result "1-0"]
[TimeControl "3'+2\""]
[WhiteElo "1176"]
[BlackElo "1095"]

1. e4 {[%emt 00:00:06]} e6 {[%emt 00:00:01]} 2. d4 {[%emt 00:00:02]} d5 {[%emt
00:00:01]} 3. e5 c5 {[%emt 00:00:01]} 4. c3 Nc6 {[%emt 00:00:01]} 5. Nf3 Qb6
{[%emt 00:00:02]} 6. Be2 {[%emt 00:00:02]} Nge7 {[%emt 00:00:05]} 7. dxc5
{[%emt 00:00:16]} Qxc5 {[%emt 00:00:01]} 8. Be3 {[%emt 00:00:17]} Qa5 {[%emt
00:00:02]} 9. b4 {[%emt 00:00:03]} Qc7 {[%emt 00:00:02]} 10. O-O {[%emt
00:00:05]} Nxe5 {[%emt 00:00:05]} 11. Nxe5 {[%emt 00:00:39]} Qxe5 {[%emt
00:00:02]} 12. Bd4 {[%emt 00:00:01]} Qd6 {[%emt 00:00:07]} 13. Na3 {[%emt
00:00:07]} Nc6 {[%emt 00:00:02]} 14. Nb5 {[%emt 00:00:09]} Qd7 {[%emt
00:00:07]} 15. Be3 {[%emt 00:00:27]} a6 16. Nd4 {[%emt 00:00:01]} Bd6 {[%emt
00:00:07]} 17. a4 {[%emt 00:00:04]} O-O {[%emt 00:00:03]} 18. b5 {[%emt
00:00:10]} axb5 {[%emt 00:00:05]} 19. Bxb5 {[%emt 00:00:03]} Qc7 {[%emt
00:00:09]} 20. Qg4 {[%emt 00:00:14]} Bxh2+ {[%emt 00:00:16]} 21. Kh1 {[%emt
00:00:02]} Be5 {[%emt 00:00:07]} 22. f4 {[%emt 00:00:17]} Bf6 {[%emt 00:00:05]}
23. f5 {[%emt 00:00:07]} Nxd4 {[%emt 00:00:05]} 24. Bxd4 {[%emt 00:00:08]} Bxd4
{[%emt 00:00:03]} 25. cxd4 {[%emt 00:00:03]} Qb6 {[%emt 00:00:17]} 26. f6
{[%emt 00:00:06]} g6 {[%emt 00:00:18]} 27. Qh4 {[%emt 00:00:02]} h5 {[%emt
00:00:05]} 28. g4 {[%emt 00:00:05]} Qxd4 {[%emt 00:00:10]} 29. Rg1 {[%emt
00:00:15]} Qe4+ {[%emt 00:00:15]} 30. Rg2 Rd8 {[%clk 00:00:44]} {[%emt
00:00:30]} 31. Rd1 {[%clk 00:00:08]} {[%emt 00:00:07]} d4 {[%emt 00:00:06]} 32.
Bd3 Qf3 {[%emt 00:00:06]} 33. Be2 {[%emt 00:00:04]} Qf4 {[%emt 00:00:03]} 34.
Rf1 {[%emt 00:00:02]} Qe4 {[%emt 00:00:02]} 35. Bf3 {[%emt 00:00:03]} Qf4
{[%emt 00:00:12]} 36. Be2 {[%emt 00:00:02]} Qe4 {[%emt 00:00:02]} 37. Bf3 Qf4
{[%clk 00:00:03]} {[%emt 00:00:21]} 38. Be2 {[%emt 00:00:03]} Qe4 39. Qg3
{[%emt 00:00:07]} Qd5 {[%emt 00:00:02]} 40. gxh5 {[%emt 00:00:01]} Bd7 {[%emt
00:00:03]} 41. hxg6 {[%emt 00:00:01]} fxg6 {[%emt 00:00:01]} 42. Qxg6+ {[%emt
00:00:02]} Kf8 {[%clk 00:00:06]} {[%emt 00:00:01]} 43. Qg8# {[%clk 00:00:07]}
{[%emt 00:00:01]} 1-0

[Event "Turniej Blitza na II Lidze Juniorów 2018"]
[Site "Szczyrk, Poland"]
[Date "????.??.??"]
[Round "8.7"]
[White "Trybowska, Barbara"]
[Black "Janocha, Wieslaw"]
[Result "1-0"]
[TimeControl "3'+2\""]
[BlackTitle "FM"]
[WhiteElo "1705"]
[BlackElo "2197"]

1. d4 {[%clk 00:03:03]} d5 {[%clk 00:03:01]} {[%emt 00:00:03]} 2. Nf3 {[%clk
00:03:04]} {[%emt 00:00:01]} Nf6 {[%clk 00:03:02]} {[%emt 00:00:02]} 3. Bg5
{[%clk 00:03:04]} {[%emt 00:00:01]} Ne4 {[%clk 00:03:02]} {[%emt 00:00:02]} 4.
e3 {[%clk 00:03:03]} {[%emt 00:00:03]} Nxg5 {[%clk 00:03:01]} {[%emt 00:00:03]}
5. Nxg5 {[%clk 00:03:04]} {[%emt 00:00:01]} e5 {[%clk 00:03:02]} {[%emt
00:00:02]} 6. Nf3 {[%clk 00:03:04]} {[%emt 00:00:02]} e4 {[%clk 00:03:02]} 7.
Nfd2 {[%clk 00:03:04]} {[%emt 00:00:03]} Bd6 {[%clk 00:03:02]} {[%emt
00:00:02]} 8. c4 {[%clk 00:03:04]} {[%emt 00:00:02]} c6 {[%clk 00:03:02]}
{[%emt 00:00:01]} 9. Nc3 {[%clk 00:03:04]} {[%emt 00:00:03]} Bc7 {[%clk
00:02:56]} {[%emt 00:00:07]} 10. cxd5 {[%clk 00:03:00]} {[%emt 00:00:06]} cxd5
{[%clk 00:02:57]} {[%emt 00:00:01]} 11. Qb3 {[%clk 00:03:01]} f5 {[%clk
00:02:49]} {[%emt 00:00:10]} 12. Qxd5 {[%clk 00:02:58]} {[%emt 00:00:05]} Qe7
{[%clk 00:02:49]} {[%emt 00:00:03]} 13. Bb5+ {[%clk 00:02:57]} {[%emt
00:00:03]} Kf8 {[%clk 00:02:32]} {[%emt 00:00:18]} 14. Rc1 {[%clk 00:02:19]}
{[%emt 00:00:40]} a6 {[%clk 00:02:30]} {[%emt 00:00:05]} 15. Ba4 {[%clk
00:02:14]} {[%emt 00:00:06]} h5 {[%clk 00:02:21]} {[%emt 00:00:10]} 16. Qc5
{[%clk 00:02:05]} {[%emt 00:00:12]} Qxc5 {[%clk 00:02:03]} {[%emt 00:00:20]} 17.
dxc5 {[%clk 00:02:06]} Be6 {[%clk 00:01:59]} {[%emt 00:00:08]} 18. Bb3 {[%clk
00:02:06]} {[%emt 00:00:01]} Kf7 {[%clk 00:01:59]} {[%emt 00:00:03]} 19. Nd5
{[%clk 00:02:00]} {[%emt 00:00:08]} Bd8 {[%clk 00:01:47]} {[%emt 00:00:14]} 20.
Nf4 {[%clk 00:01:51]} {[%emt 00:00:11]} Bxb3 {[%clk 00:01:46]} {[%emt
00:00:03]} 21. Nxb3 {[%clk 00:01:51]} {[%emt 00:00:01]} Nc6 {[%clk 00:01:34]}
{[%emt 00:00:13]} 22. Rd1 {[%clk 00:01:52]} {[%emt 00:00:02]} Ne5 {[%clk
00:01:30]} {[%emt 00:00:07]} 23. Rd5 {[%clk 00:01:49]} {[%emt 00:00:04]} Bc7
{[%clk 00:01:29]} {[%emt 00:00:03]} 24. O-O {[%clk 00:01:43]} {[%emt 00:00:08]}
g5 {[%clk 00:01:26]} {[%emt 00:00:05]} 25. Ne2 {[%clk 00:01:39]} {[%emt
00:00:06]} Ke6 {[%clk 00:01:23]} {[%emt 00:00:05]} 26. Rd2 {[%clk 00:01:32]}
{[%emt 00:00:08]} Nd3 {[%clk 00:01:21]} {[%emt 00:00:05]} 27. Nec1 {[%clk
00:01:14]} {[%emt 00:00:21]} Ne5 {[%clk 00:01:09]} {[%emt 00:00:14]} 28. Rfd1
{[%clk 00:01:13]} {[%emt 00:00:03]} g4 {[%clk 00:00:53]} {[%emt 00:00:18]} 29.
Ne2 {[%clk 00:01:04]} {[%emt 00:00:10]} Nd3 {[%clk 00:00:51]} {[%emt 00:00:04]}
30. Nec1 {[%clk 00:01:05]} Ne5 {[%clk 00:00:51]} {[%emt 00:00:02]} 31. Ne2
{[%clk 00:01:05]} {[%emt 00:00:02]} Nd3 {[%clk 00:00:45]} {[%emt 00:00:08]} 32.
Nec1 {[%clk 00:01:06]} {[%emt 00:00:01]} Nxc1 {[%clk 00:00:42]} {[%emt
00:00:05]} 33. Rxc1 {[%clk 00:01:06]} {[%emt 00:00:03]} Rhd8 {[%clk 00:00:42]}
{[%emt 00:00:01]} 34. Nd4+ {[%clk 00:01:05]} {[%emt 00:00:03]} Kf6 {[%clk
00:00:35]} {[%emt 00:00:09]} 35. Rcd1 {[%clk 00:00:57]} {[%emt 00:00:11]} Ba5
{[%clk 00:00:35]} {[%emt 00:00:02]} 36. Rc2 {[%clk 00:00:55]} {[%emt 00:00:04]}
Rac8 {[%clk 00:00:34]} {[%emt 00:00:03]} 37. a3 {[%clk 00:00:51]} {[%emt
00:00:06]} Rd5 {[%clk 00:00:24]} {[%emt 00:00:11]} 38. Rdc1 {[%clk 00:00:50]}
{[%emt 00:00:03]} Bc7 {[%clk 00:00:22]} {[%emt 00:00:05]} 39. b4 {[%clk
00:00:40]} {[%emt 00:00:11]} h4 {[%clk 00:00:23]} {[%emt 00:00:01]} 40. g3
{[%clk 00:00:36]} {[%emt 00:00:07]} Be5 {[%clk 00:00:20]} {[%emt 00:00:05]} 41.
Rc4 {[%clk 00:00:34]} {[%emt 00:00:04]} h3 {[%clk 00:00:18]} {[%emt 00:00:03]}
42. Kf1 {[%clk 00:00:34]} {[%emt 00:00:02]} Bxd4 {[%clk 00:00:15]} {[%emt
00:00:05]} 43. Rxd4 {[%clk 00:00:34]} {[%emt 00:00:02]} Rxd4 {[%clk 00:00:16]}
{[%emt 00:00:01]} 44. exd4 {[%clk 00:00:35]} {[%emt 00:00:01]} Ke6 {[%clk
00:00:16]} {[%emt 00:00:03]} 45. Ke2 {[%clk 00:00:36]} Kd5 {[%clk 00:00:14]}
{[%emt 00:00:04]} 46. Ke3 {[%clk 00:00:37]} {[%emt 00:00:01]} Rf8 {[%clk
00:00:12]} {[%emt 00:00:03]} 47. a4 {[%clk 00:00:34]} {[%emt 00:00:05]} Rf6
{[%clk 00:00:07]} {[%emt 00:00:07]} 48. b5 {[%clk 00:00:33]} {[%emt 00:00:03]}
Re6 {[%clk 00:00:04]} {[%emt 00:00:06]} 49. c6 {[%clk 00:00:11]} {[%emt
00:00:23]} bxc6 {[%clk 00:00:05]} {[%emt 00:00:02]} 50. Rxc6 {[%clk 00:00:12]}
Rxc6 {[%clk 00:00:06]} {[%emt 00:00:01]} 51. bxc6 {[%clk 00:00:12]} Kxc6 {[%clk
00:00:08]} 52. Kf4 Kd5 53. Kxf5 {[%clk 00:00:04]} {[%emt 00:00:12]} a5 {[%clk
00:00:09]} {[%emt 00:00:02]} 54. Kxg4 {[%clk 00:00:04]} {[%emt 00:00:01]} Kxd4
{[%clk 00:00:10]} 55. Kf4 {[%clk 00:00:05]} {[%emt 00:00:02]} Kc4 {[%clk
00:00:11]} {[%emt 00:00:01]} 56. g4 {[%clk 00:00:06]} Kb4 {[%clk 00:00:13]} 57.
g5 {[%clk 00:00:07]} {[%emt 00:00:01]} 1-0

[Event "Turniej Blitza na II Lidze Juniorów 2018"]
[Site "Szczyrk, Poland"]
[Date "????.??.??"]
[Round "8.35"]
[White "Tadych, Szymon"]
[Black "Majewski, Krzysztof"]
[Result "1/2-1/2"]
[TimeControl "3'+2\""]
[WhiteElo "1437"]
[BlackElo "1323"]

1. d4 {[%emt 00:00:48]} d5 {[%emt 00:00:01]} 2. c4 {[%emt 00:00:03]} c6 3. Nc3
{[%emt 00:00:01]} a6 4. Nf3 {[%emt 00:00:01]} b5 5. cxd5 {[%emt 00:00:19]} cxd5
{[%emt 00:00:01]} 6. Bf4 {[%emt 00:00:02]} Nf6 {[%emt 00:00:02]} 7. e3 e6 8.
Bd3 {[%emt 00:00:01]} Be7 {[%emt 00:00:01]} 9. O-O {[%emt 00:00:02]} O-O {[%emt
00:00:02]} 10. Rc1 {[%emt 00:00:01]} Bb7 {[%emt 00:00:08]} 11. a3 {[%emt
00:00:03]} Nbd7 {[%emt 00:00:01]} 12. h3 Nb6 {[%emt 00:00:01]} 13. Ne5 {[%emt
00:00:04]} Nfd7 {[%emt 00:00:12]} 14. Nxd7 {[%emt 00:00:05]} Qxd7 {[%emt
00:00:02]} 15. Qc2 {[%emt 00:00:11]} h6 {[%emt 00:00:03]} 16. Qe2 {[%emt
00:00:05]} Nc4 {[%emt 00:00:10]} 17. Bxc4 {[%emt 00:00:01]} bxc4 {[%emt
00:00:01]} 18. Qc2 {[%emt 00:00:05]} Rab8 {[%emt 00:00:04]} 19. Qa4 {[%emt
00:00:02]} Bc6 {[%emt 00:00:19]} 20. Qc2 {[%emt 00:00:05]} Bd6 {[%emt
00:00:05]} 21. Bxd6 {[%emt 00:00:05]} Qxd6 {[%emt 00:00:01]} 22. Na2 {[%emt
00:00:08]} a5 {[%emt 00:00:10]} 23. Nc3 {[%emt 00:00:02]} Rb3 {[%emt 00:00:01]}
24. f4 {[%emt 00:00:03]} Rfb8 {[%emt 00:00:02]} 25. Nd1 {[%emt 00:00:12]} Ba4
{[%emt 00:00:08]} 26. Qd2 {[%emt 00:00:01]} Qd8 {[%emt 00:00:09]} 27. Rc3
{[%emt 00:00:01]} Bc6 {[%emt 00:00:08]} 28. Rxb3 {[%emt 00:00:07]} Rxb3 {[%emt
00:00:01]} 29. Qf2 {[%emt 00:00:10]} Qf6 {[%emt 00:00:26]} 30. g4 {[%emt
00:00:03]} Bb5 {[%emt 00:00:05]} 31. Nc3 {[%emt 00:00:04]} Bd7 {[%emt
00:00:02]} 32. Nd1 {[%emt 00:00:02]} Bb5 {[%emt 00:00:07]} 33. Nc3 {[%emt
00:00:01]} Bd7 {[%emt 00:00:01]} 34. Nd1 {[%emt 00:00:01]} Rb8 {[%emt
00:00:01]} 35. h4 {[%emt 00:00:05]} Qg6 {[%emt 00:00:11]} 36. g5 {[%emt
00:00:06]} hxg5 {[%emt 00:00:02]} 37. hxg5 {[%emt 00:00:01]} Ba4 {[%emt
00:00:18]} 38. Nc3 {[%emt 00:00:06]} Bc2 {[%emt 00:00:05]} 39. Kh1 {[%emt
00:00:09]} Bf5 {[%emt 00:00:02]} 40. Rg1 {[%emt 00:00:06]} Be4+ {[%emt
00:00:06]} 41. Kh2 {[%emt 00:00:06]} Qh5+ {[%emt 00:00:05]} 42. Kg3 {[%emt
00:00:01]} Kf8 {[%emt 00:00:24]} 43. Nxe4 dxe4 {[%emt 00:00:02]} 44. Rg2 {[%emt
00:00:01]} Qg6 {[%emt 00:00:08]} 45. Qc2 {[%emt 00:00:03]} Rc8 {[%emt
00:00:05]} 46. Qc3 f6 {[%emt 00:00:06]} 47. Kf2 {[%emt 00:00:01]} Qh5 {[%emt
00:00:03]} 48. gxf6 {[%emt 00:00:08]} Qf3+ {[%emt 00:00:02]} 49. Kg1 {[%emt
00:00:02]} gxf6 {[%emt 00:00:04]} 50. Rf2 {[%emt 00:00:21]} Qg3+ {[%emt
00:00:02]} 51. Kf1 {[%emt 00:00:01]} Qh3+ {[%emt 00:00:06]} 52. Ke2 {[%emt
00:00:01]} Qg4+ {[%emt 00:00:02]} 53. Kd2 {[%emt 00:00:01]} Qg3 {[%emt
00:00:04]} 54. Re2 {[%emt 00:00:01]} Rb8 {[%emt 00:00:09]} 55. Kc2 {[%emt
00:00:15]} Qf3 {[%emt 00:00:05]} 56. Rd2 {[%emt 00:00:01]} a4 {[%emt 00:00:12]}
57. Qxc4 {[%emt 00:00:05]} Qxe3 {[%emt 00:00:02]} 58. Qxa4 {[%emt 00:00:08]}
Rc8+ {[%emt 00:00:02]} 59. Kd1 {[%emt 00:00:18]} Qg1+ {[%emt 00:00:03]} 60. Ke2
Qg2+ 61. Ke1 {[%emt 00:00:03]} Qg1+ {[%emt 00:00:02]} 62. Ke2 Qg2+ {[%emt
00:00:02]} 63. Ke1 {[%emt 00:00:03]} Qg3+ {[%emt 00:00:02]} 64. Ke2 Qf3+ {[%emt
00:00:01]} 65. Ke1 {[%emt 00:00:02]} Rc1+ {[%emt 00:00:01]} 66. Rd1 Qe3+ {[%emt
00:00:02]} 67. Kf1 {[%emt 00:00:03]} Qf3+ {[%emt 00:00:02]} 68. Ke1 Qe3+ {[%emt
00:00:06]} 69. Kf1 {[%emt 00:00:01]} Qf3+ {[%emt 00:00:04]} 70. Ke1 1/2-1/2

[Event "Turniej Blitza na II Lidze Juniorów 2018"]
[Site "Szczyrk, Poland"]
[Date "????.??.??"]
[Round "8.50"]
[White "Wasik, Roman"]
[Black "Wolak, Julia"]
[Result "1/2-1/2"]
[TimeControl "3'+2\""]
[WhiteElo "1369"]
[BlackElo "1234"]

1. Nf3 {[%clk 00:03:01]} {[%emt 00:00:03]} Nc6 {[%clk 00:03:00]} {[%emt
00:00:06]} 2. d4 {[%clk 00:03:00]} {[%emt 00:00:03]} d5 {[%clk 00:02:52]}
{[%emt 00:00:10]} 3. e3 {[%clk 00:03:00]} {[%emt 00:00:02]} Bg4 {[%clk
00:02:50]} {[%emt 00:00:04]} 4. c4 {[%clk 00:02:54]} {[%emt 00:00:07]} e6
{[%clk 00:02:43]} {[%emt 00:00:09]} 5. Be2 {[%clk 00:02:54]} {[%emt 00:00:03]}
Nf6 {[%clk 00:02:40]} {[%emt 00:00:04]} 6. O-O {[%clk 00:02:55]} {[%emt
00:00:02]} Be7 {[%clk 00:02:40]} {[%emt 00:00:02]} 7. b3 {[%clk 00:02:55]}
{[%emt 00:00:01]} O-O {[%clk 00:02:40]} {[%emt 00:00:02]} 8. Bb2 {[%clk
00:02:56]} Ne4 {[%clk 00:02:30]} {[%emt 00:00:14]} 9. Ne5 {[%clk 00:02:44]}
{[%emt 00:00:14]} Bxe2 {[%clk 00:02:26]} {[%emt 00:00:05]} 10. Qxe2 {[%clk
00:02:44]} {[%emt 00:00:03]} f6 {[%clk 00:02:27]} 11. Nxc6 {[%clk 00:02:39]}
{[%emt 00:00:06]} bxc6 {[%clk 00:02:27]} {[%emt 00:00:03]} 12. f3 {[%clk
00:02:40]} {[%emt 00:00:01]} Nd6 {[%clk 00:02:23]} {[%emt 00:00:06]} 13. Nd2
{[%clk 00:02:31]} {[%emt 00:00:11]} Nf7 {[%clk 00:02:19]} {[%emt 00:00:05]} 14.
e4 {[%clk 00:02:31]} {[%emt 00:00:03]} c5 {[%clk 00:01:58]} {[%emt 00:00:23]}
15. e5 {[%clk 00:02:14]} {[%emt 00:00:19]} cxd4 {[%clk 00:01:54]} {[%emt
00:00:06]} 16. Bxd4 {[%clk 00:02:13]} {[%emt 00:00:03]} c5 {[%clk 00:01:55]} 17.
Bb2 {[%clk 00:02:13]} {[%emt 00:00:01]} d4 {[%clk 00:01:52]} {[%emt 00:00:05]}
18. exf6 {[%clk 00:02:13]} {[%emt 00:00:02]} Bxf6 {[%clk 00:01:45]} {[%emt
00:00:10]} 19. Qxe6 {[%clk 00:02:04]} {[%emt 00:00:11]} Re8 {[%clk 00:01:46]}
{[%emt 00:00:01]} 20. Qg4 {[%clk 00:01:53]} {[%emt 00:00:12]} Re2 {[%clk
00:01:46]} {[%emt 00:00:03]} 21. Rad1 {[%clk 00:01:46]} {[%emt 00:00:09]} Ne5
{[%clk 00:01:32]} {[%emt 00:00:16]} 22. Qe6+ {[%clk 00:01:33]} {[%emt
00:00:14]} Kh8 {[%clk 00:01:29]} {[%emt 00:00:06]} 23. Qh3 {[%clk 00:01:17]}
{[%emt 00:00:18]} Qa5 {[%clk 00:01:20]} {[%emt 00:00:11]} 24. Bc1 {[%clk
00:01:17]} {[%emt 00:00:02]} Qxa2 {[%clk 00:01:18]} {[%emt 00:00:05]} 25. Ne4
{[%clk 00:01:13]} {[%emt 00:00:06]} Qxb3 {[%clk 00:00:59]} {[%emt 00:00:21]} 26.
Nxf6 {[%clk 00:00:56]} {[%emt 00:00:18]} gxf6 {[%clk 00:00:58]} {[%emt
00:00:03]} 27. Qf5 {[%clk 00:00:43]} {[%emt 00:00:15]} Qb6 {[%clk 00:00:47]}
{[%emt 00:00:13]} 28. Bg5 {[%clk 00:00:28]} {[%emt 00:00:16]} fxg5 {[%emt
00:00:20]} 29. Rde1 {[%emt 00:00:10]} Rxe1 {[%clk 00:00:33]} {[%emt 00:00:02]}
30. Rxe1 {[%emt 00:00:26]} Ng6 {[%clk 00:00:08]} {[%emt 00:00:02]} 31. Re6
{[%clk 00:00:12]} {[%emt 00:00:07]} Qa5 {[%clk 00:00:04]} {[%emt 00:00:06]} 32.
Qf6+ {[%clk 00:00:11]} {[%emt 00:00:03]} Kg8 {[%clk 00:00:04]} {[%emt
00:00:03]} 33. Re7 {[%clk 00:00:06]} {[%emt 00:00:07]} Nxe7 {[%clk 00:00:03]}
{[%emt 00:00:03]} 34. Qxe7 {[%clk 00:00:07]} {[%emt 00:00:01]} Rf8 {[%clk
00:00:04]} {[%emt 00:00:01]} 35. Qe6+ {[%clk 00:00:06]} {[%emt 00:00:02]} Kg7
{[%emt 00:00:05]} 36. Qe7+ {[%clk 00:00:04]} Rf7 {[%clk 00:00:06]} {[%emt
00:00:01]} 37. Qxg5+ {[%clk 00:00:04]} {[%emt 00:00:01]} Kh8 {[%clk 00:00:07]}
38. Qe5+ {[%clk 00:00:05]} {[%emt 00:00:01]} Rg7 {[%clk 00:00:08]} {[%emt
00:00:02]} 39. Qe8+ {[%clk 00:00:03]} {[%emt 00:00:03]} Rg8 {[%clk 00:00:09]}
{[%emt 00:00:02]} 40. Qe5+ {[%clk 00:00:04]} {[%emt 00:00:01]} Rg7 {[%clk
00:00:10]} {[%emt 00:00:01]} 41. Qe8+ {[%clk 00:00:06]} {[%emt 00:00:01]}
1/2-1/2

[Event "Turniej Blitza na II Lidze Juniorów 2018"]
[Site "Szczyrk, Poland"]
[Date "????.??.??"]
[Round "8.29"]
[White "Orlik, Sandra"]
[Black "Chmiel, Pawel"]
[Result "1-0"]
[TimeControl "3'+2\""]
[WhiteElo "1549"]
[BlackElo "1366"]

1. e4 {[%clk 00:03:02]} {[%emt 00:01:34]} e5 {[%clk 00:03:03]} {[%emt
00:00:13]} 2. Nf3 {[%clk 00:03:03]} {[%emt 00:00:01]} Nc6 {[%clk 00:03:05]} 3.
Nc3 {[%clk 00:03:03]} {[%emt 00:00:01]} Bc5 {[%clk 00:03:05]} 4. Nxe5 {[%clk
00:02:58]} {[%emt 00:00:08]} Bxf2+ {[%clk 00:03:06]} {[%emt 00:00:01]} 5. Kxf2
{[%clk 00:02:58]} {[%emt 00:00:02]} Nxe5 {[%clk 00:03:07]} 6. d4 {[%clk
00:02:57]} {[%emt 00:00:03]} Nc6 {[%clk 00:03:04]} {[%emt 00:00:06]} 7. d5
{[%clk 00:02:55]} {[%emt 00:00:03]} Ne5 {[%clk 00:03:05]} {[%emt 00:00:02]} 8.
Be2 {[%clk 00:02:49]} {[%emt 00:00:08]} d6 {[%clk 00:03:05]} {[%emt 00:00:01]}
9. Rf1 {[%clk 00:02:49]} {[%emt 00:00:02]} Nf6 {[%clk 00:03:05]} {[%emt
00:00:03]} 10. Kg1 {[%clk 00:02:49]} {[%emt 00:00:01]} c6 {[%clk 00:03:04]}
{[%emt 00:00:04]} 11. Bg5 {[%clk 00:02:43]} {[%emt 00:00:07]} Qb6+ {[%clk
00:02:52]} {[%emt 00:00:14]} 12. Kh1 {[%clk 00:02:41]} {[%emt 00:00:04]} Nfd7
{[%clk 00:02:50]} {[%emt 00:00:04]} 13. dxc6 {[%clk 00:02:35]} {[%emt
00:00:09]} Qxc6 {[%clk 00:02:48]} {[%emt 00:00:04]} 14. Bb5 {[%clk 00:02:31]}
{[%emt 00:00:05]} Qc5 {[%clk 00:02:39]} {[%emt 00:00:12]} 15. Qd5 {[%clk
00:02:18]} {[%emt 00:00:14]} Qxd5 {[%clk 00:02:39]} {[%emt 00:00:03]} 16. Nxd5
{[%clk 00:02:19]} {[%emt 00:00:01]} O-O {[%clk 00:02:30]} {[%emt 00:00:10]} 17.
Be7 {[%clk 00:02:16]} {[%emt 00:00:05]} Nc5 {[%clk 00:02:15]} {[%emt 00:00:17]}
18. Bxf8 {[%clk 00:02:14]} {[%emt 00:00:04]} Kxf8 {[%clk 00:02:16]} 19. Rae1
{[%clk 00:02:09]} {[%emt 00:00:08]} Be6 {[%clk 00:02:10]} {[%emt 00:00:07]} 20.
Nc7 {[%clk 00:02:07]} {[%emt 00:00:04]} Rc8 {[%clk 00:02:03]} {[%emt 00:00:09]}
21. Nxe6+ {[%clk 00:02:03]} {[%emt 00:00:06]} Nxe6 {[%clk 00:02:04]} {[%emt
00:00:02]} 22. c3 {[%clk 00:02:01]} {[%emt 00:00:03]} a6 {[%clk 00:02:04]}
{[%emt 00:00:02]} 23. Be2 {[%clk 00:02:00]} {[%emt 00:00:03]} Kg8 {[%clk
00:02:03]} {[%emt 00:00:04]} 24. Bd1 {[%clk 00:01:59]} {[%emt 00:00:02]} Nd3
{[%clk 00:01:59]} {[%emt 00:00:06]} 25. Re2 {[%clk 00:01:57]} {[%emt 00:00:04]}
Re8 {[%clk 00:01:54]} {[%emt 00:00:07]} 26. Bb3 {[%clk 00:01:55]} {[%emt
00:00:04]} Ndc5 {[%clk 00:01:43]} {[%emt 00:00:14]} 27. Bd5 {[%clk 00:01:55]}
{[%emt 00:00:02]} Re7 {[%clk 00:01:38]} {[%emt 00:00:06]} 28. b4 {[%clk
00:01:45]} {[%emt 00:00:12]} Nc7 {[%clk 00:01:36]} {[%emt 00:00:05]} 29. bxc5
{[%clk 00:01:31]} {[%emt 00:00:16]} Nxd5 {[%clk 00:01:37]} 30. cxd6 {[%clk
00:01:31]} {[%emt 00:00:02]} Rd7 {[%clk 00:01:31]} {[%emt 00:00:08]} 31. exd5
{[%clk 00:01:31]} {[%emt 00:00:02]} Rd8 {[%clk 00:01:32]} 32. Re7 {[%clk
00:01:31]} {[%emt 00:00:02]} h6 {[%clk 00:01:29]} {[%emt 00:00:05]} 33. d7
{[%clk 00:01:31]} {[%emt 00:00:01]} Kf8 {[%clk 00:01:30]} {[%emt 00:00:02]} 34.
Rfxf7+ {[%clk 00:01:31]} {[%emt 00:00:02]} Kg8 {[%clk 00:01:30]} {[%emt
00:00:01]} 35. Re8+ {[%clk 00:01:30]} {[%emt 00:00:02]} Kxf7 {[%clk 00:01:31]}
{[%emt 00:00:02]} 36. Rxd8 {[%clk 00:01:30]} {[%emt 00:00:02]} Ke7 {[%clk
00:01:33]} 37. Rg8 {[%clk 00:01:30]} {[%emt 00:00:03]} Kxd7 {[%clk 00:01:34]}
{[%emt 00:00:01]} 38. Rxg7+ {[%clk 00:01:30]} Kd6 {[%clk 00:01:36]} {[%emt
00:00:01]} 39. Rxb7 {[%clk 00:01:30]} {[%emt 00:00:02]} Kxd5 {[%clk 00:01:37]}
40. Rc7 {[%clk 00:01:30]} {[%emt 00:00:02]} a5 {[%clk 00:01:38]} {[%emt
00:00:01]} 41. Kg1 {[%clk 00:01:31]} {[%emt 00:00:01]} a4 {[%clk 00:01:39]}
{[%emt 00:00:02]} 42. Kf2 {[%clk 00:01:31]} h5 {[%clk 00:01:40]} 43. Ke3 {[%clk
00:01:33]} a3 {[%clk 00:01:41]} 44. Kd3 {[%clk 00:01:33]} {[%emt 00:00:01]} h4
{[%clk 00:01:42]} 45. c4+ {[%clk 00:01:34]} {[%emt 00:00:02]} Kd6 {[%clk
00:01:43]} 46. Rh7 {[%clk 00:01:34]} {[%emt 00:00:02]} Kc5 {[%clk 00:01:44]}
{[%emt 00:00:01]} 47. Rh5+ {[%clk 00:01:34]} Kb4 {[%clk 00:01:45]} {[%emt
00:00:01]} 48. Rb5+ {[%clk 00:01:35]} {[%emt 00:00:01]} Ka4 {[%clk 00:01:46]}
{[%emt 00:00:02]} 49. Rb8 {[%clk 00:01:35]} {[%emt 00:00:01]} h3 {[%clk
00:01:47]} {[%emt 00:00:02]} 50. gxh3 {[%clk 00:01:35]} {[%emt 00:00:01]} Ka5
{[%clk 00:01:48]} {[%emt 00:00:02]} 51. Kd4 {[%clk 00:01:35]} Ka4 {[%clk
00:01:49]} {[%emt 00:00:01]} 52. Kc5 {[%clk 00:01:34]} {[%emt 00:00:03]} Ka5
{[%clk 00:01:49]} {[%emt 00:00:02]} 53. Ra8# {[%clk 00:01:35]} {[%emt
00:00:01]} 1-0

[Event "Turniej Blitza na II Lidze Juniorów 2018"]
[Site "Szczyrk, Poland"]
[Date "????.??.??"]
[Round "8.1"]
[White "Piesik, Piotr"]
[Black "Adamski, Jan"]
[Result "1/2-1/2"]
[TimeControl "3'+2\""]
[WhiteTitle "FM"]
[BlackTitle "IM"]
[WhiteElo "2305"]
[BlackElo "2160"]

1. Nf3 {[%clk 00:03:03]} {[%emt 00:01:21]} Nf6 {[%clk 00:03:03]} 2. g3 {[%clk
00:03:05]} {[%emt 00:00:01]} b5 {[%clk 00:03:03]} {[%emt 00:00:01]} 3. Bg2
{[%clk 00:03:06]} {[%emt 00:00:01]} Bb7 {[%clk 00:03:04]} {[%emt 00:00:01]} 4.
O-O {[%clk 00:03:07]} e6 {[%clk 00:03:05]} {[%emt 00:00:02]} 5. d3 {[%clk
00:03:08]} {[%emt 00:00:01]} d5 {[%clk 00:03:03]} {[%emt 00:00:03]} 6. Nbd2
{[%clk 00:03:07]} {[%emt 00:00:03]} Nbd7 {[%clk 00:03:04]} {[%emt 00:00:01]} 7.
e4 {[%clk 00:03:08]} dxe4 {[%clk 00:03:02]} {[%emt 00:00:04]} 8. Ng5 {[%clk
00:03:09]} {[%emt 00:00:01]} Nc5 {[%clk 00:02:57]} {[%emt 00:00:07]} 9. Ngxe4
{[%clk 00:03:04]} {[%emt 00:00:07]} Nfxe4 {[%clk 00:02:56]} {[%emt 00:00:03]}
10. Nxe4 {[%clk 00:03:01]} {[%emt 00:00:05]} Nxe4 {[%clk 00:02:55]} {[%emt
00:00:04]} 11. Bxe4 {[%clk 00:02:59]} {[%emt 00:00:04]} Bxe4 12. dxe4 {[%clk
00:03:01]} Qxd1 {[%clk 00:02:45]} {[%emt 00:00:03]} 13. Rxd1 {[%clk 00:03:01]}
{[%emt 00:00:01]} 1/2-1/2